Statistics for Guess the lyrics (#27)

Click here to take the quiz!

General Stats

  • This quiz has been taken 203 times
  • The average score is 26 of 64

Answer Stats

Answer% Correct
A
96%
a
96%
a
96%
the
87%
The
87%
and
82%
and
82%
it
70%
it,
70%
on
70%
love
65%
your
62%
your
62%
your
62%
she
61%
of
60%
her
56%
Her
56%
her
56%
I'm
53%
I'm
53%
man
51%
what
47%
at
45%
like
44%
as
43%
was
41%
was
41%
was
41%
were
39%
baby
37%
got
36%
got
36%
Got
36%
every
32%
yeah
32%
had
30%
She's
30%
she's
30%
eyes
25%
fire
25%
night
25%
dark
24%
Venus
24%
Venus
24%
desire
23%
name
21%
Well
21%
top
17%
goddess
16%
mountain
15%
beauty
14%
mad
14%
flame
13%
silver
13%
burning
12%
making
11%
Black
10%
else
9%
no-one
9%
crystal
7%
whoa
7%
summit
6%
weapons
5%

Score Distribution

Percentile by Number Answered

Percent of People with Each Score

Your Score History

You have not taken this quiz